000 00609nam a2200193Ia 4500
005 20250326140816.0
008 250326s9999 xx 000 0 und d
020 _a0-471-35659-X
037 _aTextbook
040 _aFMSL
_beng
_cFMSL
041 _aeng
_2eng
084 _aX:513 PO
_qFMSL
100 _aUpshaw L B
_9743110
245 0 _aMasterbrand mandate: The management strategy that unifies companies and multiplies value
_cUpshaw L B; Taylor E L
260 _aNew York
_bNew York, John Wiley & Sons, Inc.
_c2000
300 _a323p
942 _cTB
_hX:513 PO
999 _c1287381
_d1287381